• 首页
  • 本馆介绍
  • 公告通知
  • 最新文献
  • 馆藏检索
  • 电子资源
  • 读者导购
  • 参考咨询
  • 我的图书馆
  • 登录
  • 详细信息显示
  • 放入我的书架
  • 预约/预借图书
  • 作者相关作品
  • 分类相关作品
  • 丛书相关作品
  • 出版社相关作品

书目信息

  • 表格格式
  • 工作单格式
  • 卡片格式
题名:
毕业论文和毕业设计说明书写作指南
    
 
作者: 欧阳周 编著
分册:  
出版信息: 长沙   中南工业大学出版社  1996
页数: 336页
开本: 19cm
丛书名:
单 册:
中图分类: G642.477
科图分类:
主题词: 高等学校--毕业论文 , 高等学校--毕业实践
电子资源:
ISBN: 7-81020-922-1
000 00677nam0 2200217 45
001 0197019153
005 20050329105616.5
010    @a7-81020-922-1@dCNY11.00
100    @a19970702d1996 em y0chiy0121 ea
101 0  @achi
102    @aCN@b430000
105    @ay z 000yy
200 10 @a毕业论文和毕业设计说明书写作指南@Abi ye lun wen he bi ye she ji shuo ming shu xie zuo zhi nan@f欧阳周等编著@FOu Yang Zhou Deng Bian Zhu
210    @a长沙@c中南工业大学出版社@d1996
215    @a336页@d19cm
606    @a高等学校@x毕业论文
606    @a高等学校@x毕业实践
690    @aG642.477@v3
701  0 @a欧阳周@4编著
801  0 @aCN@bNLC@c19970801
905    @dG642.477@e128@f1@b275292
    
    毕业论文和毕业设计说明书写作指南/欧阳周等编著.-长沙:中南工业大学出版社,1996
    336页;19cm
    
    
    ISBN 7-81020-922-1:CNY11.00
    
●
相关链接 在E读中查询图书 在五车中查询图书 在当当中查询图书 在豆瓣中查询图书


正题名:毕业论文和毕业设计说明书写作指南     索取号:G642.477/128         预约/预借

序号 登录号 条形码 馆藏地/架位号 状态 备注
1 0275289   001005691   密集书库/ [索取号:G642.477/128] 在馆    
2 0275290   001005708   密集书库/ [索取号:G642.477/128] 在馆    
3 0275291   001005717   密集书库/ [索取号:G642.477/128] 在馆    
4 0275292   002032213   密集书库/ [索取号:G642.477/128] 在馆    
5 0275293   001005815   第一样本阅览室/ [索取号:G642.477/128] 在馆    
唐山师范学院图书馆 欢迎您!
大连网信软件有限公司© 版权所有